Statistics for NBA Players (by clue)

Click here to take the quiz!

General Stats

  • This quiz has been taken 1,096 times
  • The average score is 7 of 15

Answer Stats

CluePlayer% Correct
The NBA logoJerry West
97%
All time leader in assists and stealsJohn Stockton
94%
Only PG to ever win Defensive Player of the YearGary Payton
69%
Nailed a game tying 3 pointer in game 6 of the 2013 NBA finalsRay Allen
65%
Only player to win 7 championships (that isn't a Celtic)Robert Horry
62%
Notorious for the "Finger Wag"Dikembe Mutombo
57%
NBA finals MVP in 1986Larry Bird
48%
First PG to win MVPBob Cousy
45%
Best 3P% in NBA historySteve Kerr
44%
NBA MVP in 1995David Robinson
41%
Draft lottery was apparently rigged for this playerPatrick Ewing
34%
All time leader in minutesRobert Parish
27%
Best FT% in a seasonJose Calderon
21%
Selected 1st overall in 1983Ralph Sampson
18%
Most steals per game in NBA historyAlvin Robertson
10%

Score Distribution

Percentile by Number Answered

Percent of People with Each Score

Your Score History

You have not taken this quiz